Benefits of economics of scale in the marketing of smallholders' rubber (Record no. 34278)

MARC details
000 -LEADER
fixed length control field 00339nam a2200109Ia 4500
082 ## - DEWEY DECIMAL CLASSIFICATION NUMBER
Classification number NR:63ASR
Item number RRM.3
245 #0 - TITLE STATEMENT
Title Benefits of economics of scale in the marketing of smallholders' rubber
260 ## - PUBLICATION, DISTRIBUTION, ETC. (IMPRINT)
Place of publication Kuala Lumpur
Name of publisher RRIM
Year of publication 1976
490 ## - SERIES STATEMENT
Series statement Agricultural Series Report. No.3
942 ## - ADDED ENTRY ELEMENTS (KOHA)
Koha item type Books
Holdings
Withdrawn status Lost status Damaged status Not for loan Home library Current library Date acquired Full call number Accession Number Koha item type
        RRII Library RRII Library 16/12/2021 NR:63ASR RRM.3 14717 Books